[Event "Lviv Tradition January 2019"]
[Site "Lviv"]
[Date "2019.02.01"]
[Round "9"]
[White "Kyrychenko, Maryan"]
[Black "Gavrish, Leonid"]
[Result "1-0"]
[WhiteElo "2207"]
[BlackElo "2149"]
[Annotator "TA"]
[PlyCount "81"]
[EventDate "2019.01.27"]
[EventType "schev"]
[EventCountry "UKR"]
[SourceTitle "playchess.com"]
[Source "ChessBase"]
[SourceQuality "1"]

{[%evp 9,81,31,35,41,41,61,45,30,44,32,43,8,6,-63,-10,-3,95,77,87,50,53,-201,-158,-171,-24,-37,0,0,61,58,55,-30,0,-12,0,0,0,0,0,-8,0,0,15,16,16,15,27,35,46,42,56,50,45,35,165,0,0,-14,247,239,274,266,843,850,997,937,1186,1187,1047,995,2713,2816,2825,2545]} 1. d4 Nf6 2. c4 c5 3. d5 b5 4. cxb5 a6 5. bxa6 g6 6. Nc3 {A58: Benko/Volga Gambit: Lines with 5 bxa6} Bg7 7. e4 O-O ({Predecessor:} 7... d6 8. Nf3 O-O 9. a4 Qa5 10. Bd2 Bxa6 11. Bxa6 Qxa6 {1-0 (32) Bryakin,M (2333)-Kavyev,R (2111) Saratov 2016}) 8. Nf3 $146 {White is slightly better.} (8. e5 Ne8 9. h4 d6 10. e6 fxe6 11. h5 g5 12. h6 Bf6 13. Nf3 Bxa6 14. Nxg5 Bxf1 15. Kxf1 Bxg5 16. Bxg5 {1-0 (23) So,W (2780)-Vidit,S (2718) chess.com INT 2018}) 8... Qa5 {With the idea ...Nxe4.} 9. Bd2 Bxa6 10. Bxa6 Qxa6 11. Qc2 (11. Qe2 $11) 11... d6 (11... e6 $1 $15) 12. a4 $11 e6 (12... Nbd7 $11) ({Predecessor:} 12... Qc4 13. b3 Qb4 14. O-O Na6 15. Rab1 Rfc8 16. Rfe1 Qb6 {1-0 (32) Bryakin,M (2333)-Kavyev,R (2111) Saratov 2016}) 13. dxe6 $16 fxe6 14. e5 Nd5 15. Ne4 $2 {[%mdl 8192]} (15. exd6 $1 $14 {keeps the upper hand.} Nd7 16. Qe4) 15... Rxf3 {[%mdl 64] Remove Defender} 16. gxf3 Bxe5 (16... Nc6 $19 17. Bc3 (17. exd6 $2 Nd4 $19) 17... Nxc3 18. bxc3 Nxe5) 17. Bc3 $11 Nc6 {Hoping for ...Nf4.} 18. Qe2 Nxc3 (18... Qa7 $11) 19. Qxa6 $14 ({Weaker is} 19. Nxc3 Qa5 $17) 19... Rxa6 20. Nxc3 ({White should play} 20. bxc3 $14 Ra5 21. Kd2) 20... Nd4 {And now ...Nc2+ would win.} 21. Kf1 Nxf3 22. Kg2 Nh4+ 23. Kh3 Nf3 24. Ra2 d5 25. Ne2 Kf7 26. Kg4 Nd2 $1 {[#]} 27. b4 $1 {[%cal Bb2b4,Bb4b5][%mdl 544] Strongly threatening f4.} h5+ (27... cxb4 28. Rxd2) 28. Kh3 {Black must now prevent f4.} Ne4 29. b5 Ra5 30. Kg2 $36 {[%mdl 2048] White has good play.} c4 31. f4 Bb8 (31... Bf6 $14) 32. Rha1 $2 (32. Nd4 $18) 32... Ba7 $1 $11 33. Kf3 c3 $2 {[%mdl 8192] [#]} (33... Ke7 $11 {and Black has nothing to worry.}) 34. Nc1 $1 $18 Nd2+ 35. Ke2 g5 $2 (35... Bb6 36. Kd3 d4) 36. Rxd2 {[%mdl 64] Remove Defender. White is clearly winning.} cxd2 37. Nb3 {[%mdl 64] Double Attack, Trapped Piece} Bb6 38. Nxa5 Bxa5 39. fxg5 e5 40. Rb1 Bb6 41. Rf1+ {Accuracy: White = 46%, Black = 26%.} 1-0

[Event "Lviv Tradition January 2019"]
[Site "Lviv"]
[Date "2019.02.01"]
[Round "9"]
[White "Terletsky, Oleg"]
[Black "Siniauski, Artsiom"]
[Result "1/2-1/2"]
[WhiteElo "2197"]
[BlackElo "2182"]
[Annotator "RC"]
[PlyCount "60"]
[EventDate "2019.01.27"]
[EventType "schev"]
[EventCountry "UKR"]
[SourceTitle "playchess.com"]
[Source "ChessBase"]
[SourceQuality "1"]
[TimeControl "5400+30"]

1. c4 {[%emt 0:00:00]} Nf6 {[%emt 0:00:00]} 2. Nc3 {[%emt 0:00:00]} d5 {[%emt 0:00:00]} 3. cxd5 {[%emt 0:00:00]} Nxd5 {[%emt 0:00:00]} 4. e4 {[%emt 0:04:16]} Nxc3 {[%emt 0:00:04]} 5. dxc3 {[%emt 0:00:28]} Qxd1+ {[%emt 0:01:54]} 6. Kxd1 {[%emt 0:00:46]} e5 {[%emt 0:01:42]} 7. Be3 {[%emt 0:01:02]} Be6 {[%emt 0:00:20]} 8. Kc2 {[%emt 0:01:50]} Nd7 {[%emt 0:00:43]} 9. Nf3 {[%emt 0:00:16]} f6 {[%emt 0:00:09]} 10. Nd2 {[%emt 0:01:03]} a5 {[%emt 0:02:14]} 11. Bc4 {[%emt 0:00:20]} Bxc4 {[%emt 0:00:24]} 12. Nxc4 {[%emt 0:00:02]} b5 {[%emt 0:00:45]} 13. Nd2 {[%emt 0:00:11]} Bc5 {[%emt 0:00:13]} 14. Bxc5 {[%emt 0:07:37]} Nxc5 {[%emt 0:00:07]} 15. f3 {[%emt 0:00:02]} Ke7 {[%emt 0:00:23]} 16. Nf1 {[%emt 0:01:44]} Rhd8 {[%emt 0:02:23]} 17. Ne3 {[%emt 0:00:12]} c6 {[%emt 0:00:16]} 18. Rhd1 {[%emt 0:00:25]} g6 {[%emt 0:00:27]} 19. Rxd8 {[%emt 0:02:27]} Rxd8 {[%emt 0:00:08]} 20. Rd1 {[%emt 0:00:04]} Rxd1 {[%emt 0:00:55]} 21. Nxd1 {[%emt 0:00:17]} Ke6 {[%emt 0:01:28]} 22. Nf2 {[%emt 0:00:25]} Ke7 {[%emt 0:01:02]} 23. Nd3 {[%emt 0:01:47]} Nxd3 {[%emt 0:00:55]} 24. Kxd3 {[%emt 0:00:02]} Kd6 {[%emt 0:00:11]} 25. b3 {[%emt 0:00:31]} Kc5 {[%emt 0:00:19]} 26. a3 {[%emt 0:00:12]} Kd6 {[%emt 0:00:37]} 27. b4 {[%emt 0:00:08]} a4 {[%emt 0:00:08]} 28. Ke3 {[%emt 0:00:44]} Ke6 {[%emt 0:00:16]} 29. g3 {[%emt 0:00:04]} Kd6 {[%emt 0:00:12]} 30. Kd3 {[%emt 0:00:05]} Ke6 1/2-1/2